[Event "MGL-ch (Women) 47th"]
[Site "Ulaanbaatar"]
[Date "2015.04.25"]
[Round "10"]
[White "Batzaya, Yanjav"]
[Black "Yanjindulam, Dulamsuren"]
[Result "0-1"]
[WhiteElo "2024"]
[BlackElo "2210"]
[PlyCount "98"]
[EventDate "2015.04.18"]
[EventType "tourn"]
[EventRounds "11"]
[EventCountry "MGL"]
[SourceTitle "CBM 166 Extra"]
[Source "ChessBase"]
[SourceDate "2015.06.18"]
[SourceVersion "1"]
[SourceVersionDate "2015.06.18"]
[SourceQuality "1"]

1. e4 d6 2. d4 g6 3. Bd3 Bg7 4. Ne2 a6 5. Be3 Nc6 6. c3 Nf6 7. f3 e5 8. d5 Ne7 9. Na3 0-0 10. 0-0 Nd7 11. Qd2 f5 12. exf5 gxf5 13. Rad1 Rf7 14. Bb1 Nf8 15. f4 Neg6 16. fxe5 dxe5 17. Bg5 Qe8 18. g3 b5 19. c4 c6 20. d6 Be6 21. c5 Nd7 22. Be3 e4 23. b3 Nge5 24. Nf4 Bh6 25. Nxe6 Bxe3+ 26. Qxe3 Qxe6 27. Nc2 Qg6 28. b4 Nc4 29. Qf4 Nde5 30. Nd4 Raf8 31. Kh1 Qh5 32. Rde1 Kh8 33. Bc2 Ng4 34. Re2 Nce3 35. Rfe1 Nd5 36. Qd2 e3 37. Qc1 f4 38. Qb2 Kg8 39. gxf4 Nf2+ 40. Rxf2 exf2 41. Rf1 Rxf4 42. Bd1 Qh3 43. Qe2 Rxd4 44. Bb3 Re4 45. Qd1 Qe6 46. Qh5 Rg4 47. Bc2 Rg1+ 48. Rxg1+ fxg1Q+ 49. Kxg1 Qe3+ 0-1

[Event "MGL-ch (Women) 47th"]
[Site "Ulaanbaatar"]
[Date "2015.04.23"]
[Round "8"]
[White "Batzaya, Yanjav"]
[Black "Amina, Battsooj"]
[Result "1-0"]
[WhiteElo "2024"]
[BlackElo "1458"]
[PlyCount "115"]
[EventDate "2015.04.18"]
[EventType "tourn"]
[EventRounds "11"]
[EventCountry "MGL"]
[SourceTitle "CBM 166 Extra"]
[Source "ChessBase"]
[SourceDate "2015.06.18"]
[SourceVersion "1"]
[SourceVersionDate "2015.06.18"]
[SourceQuality "1"]

1. e4 e5 2. Nf3 Nc6 3. Bb5 a6 4. Ba4 Nf6 5. 0-0 Be7 6. Re1 b5 7. Bb3 d6 8. c3 0-0 9. h3 Bb7 10. d4 Re8 11. Nbd2 Bf8 12. Bc2 Nb8 13. Bd3 c5 14. d5 c4 15. Bf1 Nbd7 16. b3 cxb3 17. Nxb3 Rc8 18. Bd2 Nb6 19. Na5 Ba8 20. c4 bxc4 21. Rc1 Nfd7 22. Nxc4 Nxc4 23. Bxc4 Nc5 24. Rc3 Bb7 25. Nh2 Qd7 26. Rg3 f5 27. exf5 Qxf5 28. Ng4 Kh8 29. Ne3 Qd7 30. Be2 Qc7 31. Bg4 Rcd8 32. Bf5 Bc8 33. Bb1 Nd7 34. Qa4 Be7 35. Ba5 Qb8 36. Bxd8 Rxd8 37. Nf5 Bf6 38. Nxg7 Bxg7 39. Qh4 Nf6 40. Rf3 Rd7 41. Rxf6 Bxf6 42. Qxf6+ Rg7 43. Qf8+ Rg8 44. Qh6 Qc7 45. Rc1 Qe7 46. Rc6 a5 47. Kh2 Qg7 48. Qxg7+ Kxg7 49. Rxd6 Re8 50. Be4 Re7 51. Rd8 Bb7 52. d6 Rf7 53. Bxb7 Rxb7 54. d7 Kh6 55. a4 Ra7 56. Kg3 Rb7 57. f3 Rc7 58. Kg4 1-0

[Event "MGL-ch (Women) 47th"]
[Site "Ulaanbaatar"]
[Date "2015.04.23"]
[Round "7"]
[White "Sarantungalag, Sengeebaatar"]
[Black "Batzaya, Yanjav"]
[Result "1-0"]
[WhiteElo "1986"]
[BlackElo "2024"]
[PlyCount "39"]
[EventDate "2015.04.18"]
[EventType "tourn"]
[EventRounds "11"]
[EventCountry "MGL"]
[SourceTitle "CBM 166 Extra"]
[Source "ChessBase"]
[SourceDate "2015.06.18"]
[SourceVersion "1"]
[SourceVersionDate "2015.06.18"]
[SourceQuality "1"]

1. e4 e5 2. Nf3 Nc6 3. Bb5 Nf6 4. d4 Nxe4 5. dxe5 Nc5 6. 0-0 Be7 7. Nc3 0-0 8. Nd5 Ne6 9. Re1 Bc5 10. Bd3 d6 11. Bxh7+ Kxh7 12. Ng5+ Nxg5 13. Qh5+ Kg8 14. Bxg5 Nxe5 15. Bxd8 Rxd8 16. Ne7+ Kf8 17. Nxc8 Raxc8 18. Qh8+ Ke7 19. Qxg7 Rg8 20. Rxe5+ 1-0

[Event "MGL-ch (Women) 46th"]
[Site "Govi Altai"]
[Date "2014.04.11"]
[Round "10"]
[White "Lkhamsuren, Uuganbayar"]
[Black "Batzaya, Yanjav"]
[Result "1-0"]
[WhiteElo "2098"]
[BlackElo "2084"]
[PlyCount "113"]
[EventDate "2014.04.04"]
[EventType "tourn"]
[EventRounds "11"]
[EventCountry "MGL"]
[SourceTitle "CBM 159 Extra"]
[Source "ChessBase"]
[SourceDate "2014.04.24"]
[SourceVersion "1"]
[SourceVersionDate "2014.04.24"]
[SourceQuality "1"]

1. e4 e5 2. Nf3 Nc6 3. Bb5 a6 4. Ba4 Nf6 5. 0-0 b5 6. Bb3 Be7 7. Re1 0-0 8. h3 Bb7 9. d3 Na5 10. Nxe5 Nxb3 11. axb3 d5 12. exd5 Nxd5 13. Nc3 f5 14. Nxd5 Bxd5 15. c4 Bb7 16. d4 f4 17. d5 Bd6 18. Bd2 b4 19. Qf3 Bxe5 20. Rxe5 Qf6 21. Rae1 a5 22. R1e4 c6 23. Bxf4 cxd5 24. cxd5 Rad8 25. Qd3 Qf7 26. Rd4 Rxd5 27. Rdxd5 Bxd5 28. Qxd5 Qxd5 29. Rxd5 Rxf4 30. Kf1 Rf6 31. Rxa5 Rc6 32. Rb5 Rc2 33. Rxb4 Rxb2 34. Rb7 h6 35. h4 h5 36. g3 Kh7 37. Kg2 Rc2 38. Kf3 Kg6 39. Rb4 Kh6 40. Ke3 Kh7 41. Rc4 Rb2 42. b4 Rb3+ 43. Kf4 Kh6 44. Ke5 Rf3 45. Rf4 Rb3 46. Kd5 Rd3+ 47. Kc6 Rc3+ 48. Kb6 Rc2 49. b5 Rd2 50. Kc7 Rc2+ 51. Kb7 Rd2 52. b6 Rb2 53. Kc7 Rc2+ 54. Kb8 Re2 55. b7 Re8+ 56. Ka7 Re7 57. Ka8 1-0

[Event "MGL-ch (Women) 46th"]
[Site "Govi Altai"]
[Date "2014.04.09"]
[Round "9"]
[White "Batzaya, Yanjav"]
[Black "Nyamtuya, Unurjargal"]
[Result "1/2-1/2"]
[WhiteElo "2084"]
[BlackElo "1849"]
[PlyCount "68"]
[EventDate "2014.04.04"]
[EventType "tourn"]
[EventRounds "11"]
[EventCountry "MGL"]
[SourceTitle "CBM 159 Extra"]
[Source "ChessBase"]
[SourceDate "2014.04.24"]
[SourceVersion "1"]
[SourceVersionDate "2014.04.24"]
[SourceQuality "1"]

1. e4 e5 2. Nf3 Nc6 3. Bb5 a6 4. Ba4 Nf6 5. 0-0 b5 6. Bb3 Bb7 7. c3 Nxe4 8. Re1 d5 9. d3 Nc5 10. Nxe5 Nxe5 11. Rxe5+ Ne6 12. Qf3 c6 13. Bf4 Bd6 14. Re1 0-0 15. Bxd6 Qxd6 16. d4 Rfe8 17. Nd2 c5 18. dxc5 Nxc5 19. Nf1 Nxb3 20. axb3 Re6 21. Rxe6 fxe6 22. Ne3 Rf8 23. Qg3 Qxg3 24. hxg3 Kf7 25. Ng4 Ke7 26. Ne5 Kd6 27. Nd3 e5 28. b4 Ra8 29. f3 Bc8 30. Kf2 Bf5 31. Nc5 Bc8 32. Nd3 Bf5 33. Nc5 Bc8 34. Nd3 Bf5 1/2-1/2

[Event "MGL-ch (Women) 46th"]
[Site "Govi Altai"]
[Date "2014.04.06"]
[Round "5"]
[White "Anu, Bayar"]
[Black "Batzaya, Yanjav"]
[Result "1-0"]
[WhiteElo "2002"]
[BlackElo "2084"]
[PlyCount "85"]
[EventDate "2014.04.04"]
[EventType "tourn"]
[EventRounds "11"]
[EventCountry "MGL"]
[SourceTitle "CBM 159 Extra"]
[Source "ChessBase"]
[SourceDate "2014.04.24"]
[SourceVersion "1"]
[SourceVersionDate "2014.04.24"]
[SourceQuality "1"]

1. d4 d5 2. c4 e6 3. cxd5 exd5 4. Nc3 Nf6 5. Bg5 Be7 6. Qc2 c6 7. e3 0-0 8. Bd3 Nbd7 9. Nge2 Re8 10. 0-0 Nf8 11. f3 c5 12. Rad1 cxd4 13. Nxd4 h6 14. Bh4 g5 15. Bf2 Bc5 16. e4 dxe4 17. Bxe4 Nxe4 18. Nxe4 Bb6 19. Nf5 Bxf2+ 20. Rxf2 Qb6 21. Rd6 Qa5 22. Rd5 Qb6 23. Qc3 Bxf5 24. Nf6+ Qxf6 25. Qxf6 Be6 26. Rd1 Ng6 27. Rfd2 Bxa2 28. Rd8 Bc4 29. Rxa8 Rxa8 30. g3 Re8 31. h4 gxh4 32. gxh4 h5 33. Rd8 Rxd8 34. Qxd8+ Kh7 35. Qg5 b5 36. Qxh5+ Kg7 37. Qg5 Kh7 38. f4 a5 39. Kf2 a4 40. f5 Ne5 41. f6 Ng6 42. Qh5+ Kg8 43. Qh6 1-0

[Event "MGL-ch (Women)"]
[Site "Ulaanbaatar"]
[Date "2009.04.11"]
[Round "1"]
[White "Batzaya, Yanjav"]
[Black "Ankhchimeg, Bayanmunkh"]
[Result "1-0"]
[WhiteElo "2070"]
[BlackElo "2145"]
[PlyCount "71"]
[EventDate "2009.04.11"]
[EventType "tourn"]
[EventRounds "13"]
[EventCountry "MGL"]
[SourceTitle "CBM 130 Extra"]
[Source "ChessBase"]
[SourceDate "2009.07.02"]
[SourceVersion "2"]
[SourceVersionDate "2009.07.15"]
[SourceQuality "1"]

1. d4 Nf6 2. c4 e6 3. Nc3 Bb4 4. Bg5 h6 5. Bh4 0-0 6. Qc2 d5 7. e3 c5 8. a3 Bxc3+ 9. bxc3 Nbd7 10. Nf3 Qa5 11. Nd2 Ne4 12. Nxe4 dxe4 13. Be2 f5 14. 0-0 Nf6 15. Rfb1 Qc7 16. Bg3 Qe7 17. a4 g5 18. a5 h5 19. h3 g4 20. h4 Nd7 21. Qd2 Re8 22. Bd1 Nf8 23. Ba4 Rd8 24. a6 b6 25. Bc6 Bd7 26. Bxa8 Rxa8 27. dxc5 Qxc5 28. Bd6 Qc6 29. Qd4 Rc8 30. Rd1 Nh7 31. Bf4 Be8 32. Qd6 Qxd6 33. Rxd6 Kf7 34. Rd8 Rxc4 35. Ra8 e5 36. Bxe5 1-0

[Event "Wch U18 Girls"]
[Site "Kemer"]
[Date "2007.11.28"]
[Round "11"]
[White "Chirivi Castiblanco, Jenny Astrid"]
[Black "Batzaya, Yanjav"]
[Result "1-0"]
[WhiteElo "2109"]
[BlackElo "2038"]
[PlyCount "137"]
[EventDate "2007.11.18"]
[EventType "swiss"]
[EventRounds "11"]
[EventCountry "TUR"]
[SourceTitle "CBM 121 Extra"]
[Source "ChessBase"]
[SourceDate "2008.01.10"]
[SourceVersion "1"]
[SourceVersionDate "2008.01.10"]
[SourceQuality "1"]

1. d4 d5 2. c4 c6 3. Nc3 Nf6 4. cxd5 cxd5 5. Bf4 Nc6 6. e3 Bf5 7. Nf3 e6 8. Be2 Be7 9. 0-0 0-0 10. Nh4 Bg6 11. Nxg6 hxg6 12. Bg3 Rc8 13. f3 Na5 14. Rc1 Nc4 15. Bxc4 Rxc4 16. b3 Rc6 17. Na4 Qc8 18. Qd2 Ba3 19. Rxc6 Qxc6 20. Qa5 a6 21. Nc5 Bxc5 22. dxc5 Nd7 23. b4 Ra8 24. Bc7 Rc8 25. Bd6 b6 26. Qxa6 bxc5 27. Qxc6 Rxc6 28. bxc5 Nxc5 29. Be7 Nd3 30. Rb1 Rc2 31. Ra1 Rc7 32. Bd8 Rc8 33. Bb6 Rb8 34. Ba5 Ra8 35. Bd2 Ra3 36. Kf1 e5 37. Ke2 e4 38. f4 f6 39. h3 Kf7 40. g4 Ke6 41. h4 f5 42. g5 Kd6 43. Rb1 Kc6 44. Rb8 Rxa2 45. Rg8 Nb2 46. Bc1 Nc4+ 47. Kd1 Ra7 48. Kc2 Rc7 49. Kc3 Rb7 50. Re8 Kd6 51. Ra8 Rc7 52. Kd4 Nb6 53. Ba3+ Kc6 54. Re8 Kb5 55. Bd6 Rc1 56. Bf8 Rd1+ 57. Kc3 Rd3+ 58. Kc2 Rxe3 59. Bxg7 Rf3 60. Be5 Nc4 61. h5 Na3+ 62. Kb2 Kc4 63. Bf6 Nb5 64. Rc8+ Kd3 65. hxg6 e3 66. g7 e2 67. g8Q e1Q 68. Qxd5+ Ke2 69. Rc2+ 1-0

[Event "Wch U18 Girls"]
[Site "Kemer"]
[Date "2007.11.26"]
[Round "9"]
[White "Sanchez Santana, Celsa Carolina"]
[Black "Batzaya, Yanjav"]
[Result "0-1"]
[WhiteElo "2062"]
[BlackElo "2038"]
[PlyCount "106"]
[EventDate "2007.11.18"]
[EventType "swiss"]
[EventRounds "11"]
[EventCountry "TUR"]
[SourceTitle "CBM 121 Extra"]
[Source "ChessBase"]
[SourceDate "2008.01.10"]
[SourceVersion "1"]
[SourceVersionDate "2008.01.10"]
[SourceQuality "1"]

1. e4 e6 2. d4 d5 3. Nc3 Nf6 4. Bg5 Be7 5. e5 Nfd7 6. Bxe7 Qxe7 7. f4 0-0 8. Qd2 a6 9. 0-0-0 c5 10. dxc5 Nxc5 11. Nf3 b5 12. a3 Nc6 13. f5 d4 14. Nxd4 Nxe5 15. Qf4 Qf6 16. g4 exf5 17. gxf5 Ne6 18. Qe4 Nxd4 19. Qxd4 Bxf5 20. Nd5 Qg5+ 21. Kb1 Nf3 22. Qf2 Be4 23. h4 Qe5 24. Nc3 Nd2+ 25. Qxd2 Bxh1 26. Re1 Qc5 27. Bg2 Bxg2 28. Qxg2 Rae8 29. Rg1 Qd4 30. h5 h6 31. Nd5 Re6 32. Nf4 Rd6 33. Nd3 Rd5 34. Rh1 a5 35. Qd2 a4 36. Qh2 Qg4 37. Nf2 Qe2 38. Nd3 Qxh2 39. Rxh2 Kh7 40. Nb4 Rd1+ 41. Ka2 g6 42. Nd3 g5 43. b3 Re8 44. bxa4 bxa4 45. Rf2 Kg7 46. Rf5 Re3 47. Nb4 g4 48. Rf4 f5 49. Rc4 g3 50. Rc7+ Kf6 51. Rh7 g2 52. Rxh6+ Kf7 53. Rh7+ Kg8 0-1

[Event "Wch U18 Girls"]
[Site "Kemer"]
[Date "2007.11.25"]
[Round "8"]
[White "Batzaya, Yanjav"]
[Black "Bogdan, Elizaveta"]
[Result "1-0"]
[WhiteElo "2038"]
[BlackElo "1861"]
[PlyCount "57"]
[EventDate "2007.11.18"]
[EventType "swiss"]
[EventRounds "11"]
[EventCountry "TUR"]
[SourceTitle "CBM 121 Extra"]
[Source "ChessBase"]
[SourceDate "2008.01.10"]
[SourceVersion "1"]
[SourceVersionDate "2008.01.10"]
[SourceQuality "1"]

1. e4 e5 2. Nf3 Nc6 3. Bb5 a6 4. Ba4 d6 5. Bxc6+ bxc6 6. d4 exd4 7. Qxd4 c5 8. Qd3 Be7 9. 0-0 Nf6 10. Nc3 0-0 11. Bg5 h6 12. Bh4 Bg4 13. h3 Be6 14. Rad1 g5 15. Bg3 Nh5 16. Nd5 f5 17. exf5 Bxf5 18. Qe2 Bf6 19. Rfe1 Nxg3 20. fxg3 c6 21. Nxf6+ Qxf6 22. g4 Rfe8 23. Qd2 Bh7 24. Qxd6 Qxd6 25. Rxd6 Bxc2 26. Rxh6 Ba4 27. Rg6+ Kf7 28. Rxg5 c4 29. Rge5 1-0

[Event "Wch U18 Girls"]
[Site "Kemer"]
[Date "2007.11.21"]
[Round "4"]
[White "Batzaya, Yanjav"]
[Black "Preethi, Rajkumar"]
[Result "1-0"]
[WhiteElo "2038"]
[BlackElo "2125"]
[PlyCount "91"]
[EventDate "2007.11.18"]
[EventType "swiss"]
[EventRounds "11"]
[EventCountry "TUR"]
[SourceTitle "CBM 121 Extra"]
[Source "ChessBase"]
[SourceDate "2008.01.10"]
[SourceVersion "1"]
[SourceVersionDate "2008.01.10"]
[SourceQuality "1"]

1. e4 c5 2. Nf3 Nc6 3. d4 cxd4 4. Nxd4 Nf6 5. Nc3 e5 6. Ndb5 d6 7. Bg5 a6 8. Na3 b5 9. Bxf6 gxf6 10. Nd5 f5 11. Bd3 Be6 12. Qh5 Rg8 13. 0-0 f4 14. h3 Rg6 15. c3 b4 16. Nc2 bxc3 17. bxc3 Bh6 18. Rfb1 Kf8 19. Rb7 Na5 20. Rb2 Kg7 21. Ncb4 Qc8 22. Kh2 Qd8 23. Nxa6 Bxd5 24. exd5 Rg5 25. Qf3 f5 26. Qd1 e4 27. Bf1 Kg6 28. Rab1 Bg7 29. Rb8 Rxb8 30. Rxb8 Qe7 31. Qa4 Bxc3 32. Re8 Qf7 33. Re6+ Kg7 34. Rxd6 f3 35. Rd7 Be5+ 36. Kg1 fxg2 37. Rxf7+ Kxf7 38. Bxg2 f4 39. Qxe4 Nb7 40. Qxh7+ Rg7 41. Qf5+ Bf6 42. Kf1 Nd8 43. d6 Rg5 44. Bd5+ Kg7 45. Qd7+ Kg6 46. Be4+ 1-0

[Event "Asian Indoor Games 2nd"]
[Site "Macau"]
[Date "2007.10.29"]
[Round "4"]
[White "Lomibao, Joy Sherrie"]
[Black "Batzaya, Yanjav"]
[Result "1-0"]
[WhiteElo "2186"]
[BlackElo "2038"]
[PlyCount "130"]
[EventDate "2007.10.28"]
[EventType "team"]
[EventRounds "6"]
[EventCountry "CHN"]
[SourceTitle "EXT 2008"]
[Source "ChessBase"]
[SourceDate "2007.11.25"]
[SourceVersion "1"]
[SourceVersionDate "2007.11.25"]
[SourceQuality "1"]

1. e4 e6 2. d4 d5 3. Nc3 Nf6 4. e5 Nfd7 5. f4 c5 6. Nf3 Nc6 7. Be3 Qb6 8. Na4 Qa5+ 9. c3 cxd4 10. b4 Qc7 11. Nxd4 a6 12. Bd3 b5 13. Nb2 Ncxe5 14. 0-0 Nxd3 15. Qxd3 Bd6 16. a4 bxa4 17. Rxa4 Bb7 18. Raa1 0-0 19. b5 Nc5 20. Qe2 a5 21. Na4 Ne4 22. Rac1 Rac8 23. Nb3 Qc4 24. Qxc4 Rxc4 25. Nb2 Rxc3 26. Rxc3 Nxc3 27. Nxa5 Rb8 28. Ba7 Ra8 29. Nxb7 Ba3 30. b6 Nb5 31. Nd3 Nxa7 32. bxa7 Rxa7 33. Rb1 g6 34. Kf2 Ra4 35. Kf3 Be7 36. Nbc5 Rc4 37. Nd7 Rc3 38. Ke2 Rc2+ 39. Kf1 Rc7 40. N7e5 f6 41. Nf3 Bd6 42. Nd4 Re7 43. Rb6 Rd7 44. Nxe6 Kf7 45. Nec5 Bxc5 46. Nxc5 Rc7 47. Rb7 Rxb7 48. Nxb7 Ke6 49. Ke2 Kf5 50. Kf3 h5 51. Nd6+ Ke6 52. Nb5 g5 53. Nd4+ Kd6 54. Kg3 Kc5 55. fxg5 fxg5 56. Ne6+ Kd6 57. Nxg5 Ke5 58. h3 Kf5 59. Kh4 Kg6 60. Nf3 Kh6 61. Kg3 Kg6 62. Kf4 Kf6 63. Nd4 Kg6 64. h4 Kf6 65. g3 Kg6 1-0

[Event "Wch U16 Girls"]
[Site "Belfort"]
[Date "2005.07.26"]
[Round "9"]
[White "Van Nies, Pauline"]
[Black "Batzaya, Yanjav"]
[Result "0-1"]
[WhiteElo "2074"]
[BlackElo "1908"]
[PlyCount "106"]
[EventDate "2005.07.19"]
[EventType "swiss"]
[EventRounds "11"]
[EventCountry "FRA"]
[SourceTitle "CBM 107 Extra"]
[Source "ChessBase"]
[SourceDate "2005.09.01"]
[SourceVersion "1"]
[SourceVersionDate "2005.09.01"]
[SourceQuality "1"]

1. e4 e6 2. d4 d5 3. Nd2 Nf6 4. e5 Nfd7 5. c3 c5 6. f4 Nc6 7. Ndf3 Qa5 8. Ne2 Be7 9. g3 cxd4 10. Nexd4 Qb6 11. Bh3 Nc5 12. 0-0 f5 13. Kh1 Bd7 14. g4 g6 15. gxf5 gxf5 16. Ng5 Bxg5 17. Qh5+ Kd8 18. Qxg5+ Kc7 19. Be3 Rag8 20. Qh4 Nxd4 21. Bxd4 Qc6 22. Qf2 Ne4 23. Qe3 b6 24. b3 Rg6 25. a4 Rhg8 26. Rf3 R6g7 27. Qe1 Be8 28. Rf1 Bh5 29. Qe3 Ng3+ 30. Kg2 Nxf1+ 31. Kxf1 Rg1+ 32. Qxg1 Rxg1+ 33. Kxg1 Qe8 34. Kf2 Qe7 35. Kg3 Qg7+ 36. Kf2 Qh6 37. Kg3 Be2 38. Bg2 Qg7+ 39. Kf2 Bh5 40. h3 Qe7 41. Kg3 Be2 42. a5 bxa5 43. Bxa7 Kb7 44. Bd4 Qd8 45. b4 axb4 46. Rb1 h5 47. Kf2 Bd3 48. Rxb4+ Kc8 49. Ke3 Bc4 50. Rb6 Qh4 51. Kf3 Qe1 52. Rb2 h4 53. Be3 Qg3# 0-1

[Event "Wch U16 Girls"]
[Site "Belfort"]
[Date "2005.07.24"]
[Round "6"]
[White "Batzaya, Yanjav"]
[Black "Foisor, Sabina Francesca"]
[Result "1/2-1/2"]
[WhiteElo "1908"]
[BlackElo "2230"]
[PlyCount "123"]
[EventDate "2005.07.19"]
[EventType "swiss"]
[EventRounds "11"]
[EventCountry "FRA"]
[SourceTitle "CBM 107 Extra"]
[Source "ChessBase"]
[SourceDate "2005.09.01"]
[SourceVersion "1"]
[SourceVersionDate "2005.09.01"]
[SourceQuality "1"]

1. e4 g6 2. d4 Bg7 3. f4 d6 4. Nf3 c5 5. Bb5+ Bd7 6. Bxd7+ Nxd7 7. d5 b5 8. 0-0 Qc7 9. Nc3 b4 10. Ne2 Ngf6 11. Ng3 0-0 12. Re1 Nb6 13. f5 Ng4 14. h3 Ne5 15. Rb1 e6 16. dxe6 Nxf3+ 17. Qxf3 fxe6 18. Qg4 Qf7 19. Rf1 exf5 20. exf5 Nd5 21. Bg5 Rae8 22. Rf3 Nf6 23. Bxf6 Qxf6 24. c3 bxc3 25. bxc3 d5 26. Rbf1 Qc6 27. h4 d4 28. cxd4 cxd4 29. h5 Qb6 30. Kh1 g5 31. Qxg5 Qh6 32. Qg4 Kh8 33. Ne4 Bf6 34. Nxf6 Qxf6 35. Rd1 Rd8 36. Qf4 Rd5 37. g4 Rg8 38. Kg2 Re8 39. Rd2 a6 40. g5 Rg8 41. g6 Rf8 42. Rg3 Rg8 43. Qc7 Rg7 44. Qc8+ Rd8 45. Qe6 Qxe6 46. fxe6 hxg6 47. hxg6 Rd6 48. Re2 Rd8 49. Rf2 Kg8 50. Rf7 Re8 51. Rf6 Rge7 52. Rd3 Rxe6 53. Rxe6 Rxe6 54. Rxd4 Re2+ 55. Kf3 Rxa2 56. Rd7 a5 57. Ra7 a4 58. Ke3 a3 59. Kd3 Rg2 60. Kc4 a2 61. Kb3 Rxg6 62. Rxa2 1/2-1/2

[Event "Wch U16 Girls"]
[Site "Belfort"]
[Date "2005.07.23"]
[Round "5"]
[White "Mikadze, Miranda"]
[Black "Batzaya, Yanjav"]
[Result "1-0"]
[WhiteElo "2210"]
[BlackElo "1908"]
[PlyCount "115"]
[EventDate "2005.07.19"]
[EventType "swiss"]
[EventRounds "11"]
[EventCountry "FRA"]
[SourceTitle "CBM 107 Extra"]
[Source "ChessBase"]
[SourceDate "2005.09.01"]
[SourceVersion "1"]
[SourceVersionDate "2005.09.01"]
[SourceQuality "1"]

1. e4 e6 2. d4 d5 3. Nc3 Nf6 4. Bg5 Be7 5. e5 Nfd7 6. Bxe7 Qxe7 7. f4 0-0 8. Nf3 c5 9. dxc5 Nxc5 10. Qd2 f6 11. 0-0-0 Nc6 12. exf6 Qxf6 13. g3 Kh8 14. Bd3 a6 15. Rhe1 b5 16. Ng5 g6 17. Bf1 b4 18. Ne2 a5 19. Nd4 Nxd4 20. Qxd4 Qxd4 21. Rxd4 h6 22. Nf3 Ba6 23. Bh3 Rfe8 24. Nd2 Kg7 25. Nb3 Nxb3+ 26. axb3 Kf6 27. Bg4 Rad8 28. Kd2 h5 29. Bh3 Rd6 30. Re5 Rc8 31. Re3 Rdc6 32. c3 Rb8 33. Kc2 Rcb6 34. Rd1 a4 35. bxa4 bxc3 36. b3 Rd8 37. Rd4 Rdb8 38. Rxc3 Be2 39. Bg2 Ba6 40. Bf3 Kf5 41. Bd1 R8b7 42. Kb2 Bc4 43. Ka3 e5 44. Bc2+ Ke6 45. fxe5 Kxe5 46. Rd2 Ba6 47. Re3+ Kf6 48. Rxd5 Rc7 49. Rd2 Rbc6 50. Be4 Re6 51. Rf3+ Ke5 52. Bd3 Rc3 53. Re2+ Kd5 54. Rxe6 Bxd3 55. Ree3 Kd4 56. Rxd3+ Rxd3 57. Rxd3+ Kxd3 58. a5 1-0

[Event "Wch U16 Girls"]
[Site "Belfort"]
[Date "2005.07.21"]
[Round "3"]
[White "Benmesbah, Natacha"]
[Black "Batzaya, Yanjav"]
[Result "1/2-1/2"]
[WhiteElo "2127"]
[BlackElo "1908"]
[PlyCount "71"]
[EventDate "2005.07.19"]
[EventType "swiss"]
[EventRounds "11"]
[EventCountry "FRA"]
[SourceTitle "CBM 107 Extra"]
[Source "ChessBase"]
[SourceDate "2005.09.01"]
[SourceVersion "1"]
[SourceVersionDate "2005.09.01"]
[SourceQuality "1"]

1. e4 e6 2. d4 d5 3. Nc3 Nf6 4. Bd3 c5 5. exd5 exd5 6. Nf3 Nc6 7. 0-0 Bg4 8. dxc5 Bxc5 9. Bg5 Be7 10. Be2 Be6 11. Nb5 0-0 12. c3 Ne4 13. Bxe7 Qxe7 14. Nbd4 Rad8 15. Qc2 Ng5 16. Rad1 Qf6 17. Rfe1 Rfe8 18. Nxg5 Qxg5 19. Bf3 Bg4 20. Bxg4 Qxg4 21. Rxe8+ Rxe8 22. Nf3 Ne5 23. Nd4 Nc6 24. h3 Qf4 25. Nf3 Ne5 26. Nxe5 Rxe5 27. Qd2 Qxd2 28. Rxd2 Kf8 29. f4 Re1+ 30. Kf2 Rb1 31. Re2 Rd1 32. Ke3 Ke7 33. Rd2 Re1+ 34. Kf3 Rf1+ 35. Ke3 Re1+ 36. Re2 1/2-1/2

[Event "Wch U16 Girls"]
[Site "Belfort"]
[Date "2005.07.20"]
[Round "2"]
[White "Batzaya, Yanjav"]
[Black "Khudaya, Aliaksandra"]
[Result "1-0"]
[WhiteElo "1908"]
[BlackElo "2117"]
[PlyCount "51"]
[EventDate "2005.07.19"]
[EventType "swiss"]
[EventRounds "11"]
[EventCountry "FRA"]
[SourceTitle "CBM 107 Extra"]
[Source "ChessBase"]
[SourceDate "2005.09.01"]
[SourceVersion "1"]
[SourceVersionDate "2005.09.01"]
[SourceQuality "1"]

1. e4 e6 2. d4 d5 3. Nd2 c5 4. Ngf3 a6 5. c3 Nc6 6. e5 cxd4 7. cxd4 Bb4 8. a3 Be7 9. Bd3 Nh6 10. Nb3 Nf5 11. 0-0 h5 12. h3 h4 13. Bd2 g5 14. Bxf5 exf5 15. Nh2 Rg8 16. g4 fxg4 17. Nxg4 Rg6 18. Kh2 Bf5 19. f4 gxf4 20. Rxf4 Be6 21. Rc1 Bg5 22. Rf2 Bxd2 23. Rxd2 Bxg4 24. hxg4 Qg5 25. Rf2 Ke7 26. Qf3 1-0